000 00442nam a2200181Ia 4500
001 12726
005 20260306163002.0
008 260306t2015||||xx |||||||||||||| ||spa||
041 _aESP
082 _aHR 985
_bNº 3 2015 CQ.2
110 _aMinisterio de Cultura del Perú
245 0 _aCuadernos del Qhapaq Ñan
260 _c2015
300 _a165 páginas :
_c30 cm.
650 _aGEN
654 _aCHU
942 _cREV
_dJUS
_fJUS
_2ddc
_n
999 _c12726
_d12726